History of upper Assam,upper burmah and north-eastern frontier (Record no. 6826)

MARC details
000 -LEADER
fixed length control field 00595cam a2200229ua 4500
001 - CONTROL NUMBER
control field 7710
005 - DATE AND TIME OF LATEST TRANSACTION
control field 20260515114240.0
008 - FIXED-LENGTH DATA ELEMENTS--GENERAL INFORMATION
fixed length control field 141222n ii |||gr||||Z||||||eng
020 ## - INTERNATIONAL STANDARD BOOK NUMBER
International Standard Book Number 818750286X
040 ## - CATALOGING SOURCE
Transcribing agency MAIN
041 ## - LANGUAGE CODE
Language code of text/sound track or separate title eng
082 ## - DEWEY DECIMAL CLASSIFICATION NUMBER
Classification number 954.162
100 ## - MAIN ENTRY--PERSONAL NAME
Personal name Shakespear, L. W.,
Relator term Author.
245 1# - TITLE STATEMENT
Title History of upper Assam,upper burmah and north-eastern frontier
Statement of responsibility, etc. By L. W. Shakespear
250 ## - EDITION STATEMENT
Edition statement 1st.
260 ## - PUBLICATION, DISTRIBUTION, ETC.
Place of publication, distribution, etc. Guwahati:
Name of publisher, distributor, etc. Spectrum,
Date of publication, distribution, etc. 2004.
300 ## - PHYSICAL DESCRIPTION
Extent xvii,272p.
653 ## - INDEX TERM--UNCONTROLLED
Uncontrolled term South Asia India
653 ## - INDEX TERM--UNCONTROLLED
Uncontrolled term Assam history
653 ## - INDEX TERM--UNCONTROLLED
Uncontrolled term North-east history
942 ## - ADDED ENTRY ELEMENTS (KOHA)
Koha item type Books
Holdings
Withdrawn status Lost status Damaged status Not for loan Home library Current library Shelving location Date acquired Total checkouts Full call number Barcode Date last seen Copy number Price effective from Koha item type
        Naharkatiya College Library Naharkatiya College Library General stacks 09/19/2020   954.162 | SHA 22702 09/19/2020 1 09/19/2020 Books